000 01271nam a2200229 a 4500
001 76448
003 BD-RjUL
005 20211209082838.0
008 191205s2017 bg ||||| |||| 00| 0 ben d
020 _a9789843425348
035 _a(BD-RjUL)
040 _aBD-RjUL
_bben
_cBD-RjUL
_dBD-RjUL
_eBD-RjUL
041 _aben
082 _a297.225
_bALG 2017
_223
100 1 0 _aআলী, মোহাম্মদ রওশন
_9236059
245 1 0 _aপবিত্র কোরআনের আলোকে আল্লাহর মানব-সৃষ্টির মহাপরিকল্পনা ও তার বাস্তবায়ন
_b= God's Masterplan for the Creation of Mankind and its Execution in the Light of the Holy Quran /
_cঅধ্যাপক ড: মোহাম্মদ রওশন আলী
260 _aঢাকা :
_bরওশন আলী ও জোহরা আলী ওয়েলফেয়ার ট্রাস্ট,
_c২০১৭
300 0 0 _aix, ১০০ পৃ. ;
_c২২ সেমি.
650 _aধর্মতত্ত্ব নৃবিজ্ঞান
_xইসলাম
_vকোরানীয় শিক্ষা
_9236061
650 _aTheological anthropology
_xIslam
_vQurʼanic teaching.
_9236066
942 _2ddc
_cBK
999 _c76448
_d76448